[Event "Paracin op-A 15th"]
[Site "Paracin"]
[Date "2022.07.12"]
[Round "5"]
[White "Watarkar, Yash"]
[Black "Gokcek, Kursat Bugra"]
[Result "0-1"]
[WhiteElo "1792"]
[BlackElo "2185"]
[PlyCount "38"]
[EventDate "2022.07.08"]
[EventType "swiss"]
[EventRounds "9"]
[EventCountry "SRB"]
[SourceTitle "CBM 209 Extra"]
[Source "ChessBase"]
[SourceDate "2022.09.30"]
[SourceVersion "1"]
[SourceVersionDate "2022.09.30"]
[SourceQuality "1"]

1. c4 e5 2. Nc3 Nc6 3. g3 Bc5 4. Bg2 d6 5. e3 a6 6. Nge2 Ba7 7. 0-0 h5 8. d4 h4 9. b4 hxg3 10. fxg3 Bg4 11. b5 Nxd4 12. Bxb7 Ne7 13. Qd3 Ne6 14. Ba3 f5 15. Nd5 axb5 16. Nxe7 bxc4 17. Qxc4 Bxe3+ 18. Kh1 Kxe7 19. Bc1 Rxh2+ 0-1

[Event "Paracin op-A 15th"]
[Site "Paracin"]
[Date "2022.07.09"]
[Round "3"]
[White "Granovskiy, Alexandr"]
[Black "Watarkar, Yash"]
[Result "1-0"]
[WhiteElo "2177"]
[BlackElo "1792"]
[PlyCount "113"]
[EventDate "2022.07.08"]
[EventType "swiss"]
[EventRounds "9"]
[EventCountry "SRB"]
[SourceTitle "EXT 2023"]
[Source "ChessBase"]
[SourceDate "2022.10.05"]
[SourceVersion "1"]
[SourceVersionDate "2022.10.05"]
[SourceQuality "1"]

1. d4 Nf6 2. c4 e6 3. Nc3 Bb4 4. a3 Bxc3+ 5. bxc3 d6 6. f3 0-0 7. e4 e5 8. Bd3 c5 9. Ne2 Nc6 10. Bg5 Qe7 11. d5 Nb8 12. Qd2 Nbd7 13. Ng3 Re8 14. Nf5 Qf8 15. g4 h6 16. Nxh6+ Kh7 17. Nf5 Ng8 18. Qg2 f6 19. Qh3+ Nh6 20. Bxh6 gxh6 21. 0-0 Nb6 22. Kh1 Bxf5 23. gxf5 Qf7 24. Rg1 Rg8 25. Rg6 Qf8 26. Rb1 Rxg6 27. fxg6+ Kg7 28. a4 Rb8 29. a5 Nc8 30. Qd7+ Qe7 31. Qg4 Qe8 32. Bf1 Qxg6 33. Qd7+ Qf7 34. Qd8 Qe7 35. Qxe7+ Nxe7 36. Bh3 f5 37. exf5 Kf6 38. Kg2 Nxf5 39. Kf2 Ne7 40. Bd7 Ng6 41. Ke3 Nf4 42. Rg1 Rd8 43. Be6 Re8 44. Ke4 Re7 45. Bc8 Rc7 46. Rg8 Ng6 47. Be6 Rg7 48. Rd8 Rc7 49. Bf5 Ke7 50. Ra8 Nf8 51. Rxa7 Nd7 52. Bxd7 Rxd7 53. Kf5 h5 54. Ra8 Kf7 55. Rh8 Kg7 56. Ke6 Rf7 57. Rh7+ 1-0

[Event "Pune All India op 3rd"]
[Site "Pune"]
[Date "2019.04.30"]
[Round "4"]
[White "Kulkarni, Vikramaditya"]
[Black "Watarkar, Yash"]
[Result "1-0"]
[WhiteElo "2343"]
[BlackElo "1835"]
[PlyCount "141"]
[EventDate "2019.04.29"]
[EventType "swiss"]
[EventRounds "8"]
[EventCountry "IND"]
[SourceTitle "CBM 190 Extra"]
[Source "ChessBase"]
[SourceDate "2019.07.15"]
[SourceVersion "1"]
[SourceVersionDate "2019.07.15"]
[SourceQuality "1"]

1. c4 Nf6 2. Nc3 e6 3. e4 d5 4. e5 d4 5. exf6 dxc3 6. bxc3 Qxf6 7. d4 Bd6 8. Nf3 h6 9. Bd3 c5 10. 0-0 Nc6 11. Be3 e5 12. dxc5 Bc7 13. Bc2 Be6 14. Rb1 Rb8 15. Qe2 Qe7 16. Be4 0-0 17. Rfd1 f5 18. Bd5 Qf7 19. Bf4 Bxd5 20. cxd5 exf4 21. dxc6 bxc6 22. Nd4 Rfe8 23. Rxb8 Bxb8 24. Qc2 Qe7 25. h3 Qxc5 26. Nxf5 Qe5 27. f3 Qe6 28. Qb3 Bc7 29. Re1 Bb6+ 30. Kf1 Be3 31. Nxe3 Qxb3 32. axb3 fxe3 33. Ke2 Kf7 34. Ra1 Re7 35. b4 g5 36. Ra6 Rc7 37. Kxe3 Ke7 38. Kd4 Kd6 39. b5 h5 40. g3 Kd7 41. bxc6+ Ke6 42. Ra5 Rg7 43. Rc5 Kd6 44. c7 Rxc7 45. Rxg5 Rf7 46. Rxh5 Rxf3 47. Rg5 a5 48. Rxa5 Rxg3 49. Ra6+ Kd7 50. Rh6 Rg1 51. Rh7+ Kd6 52. Rh6+ Kd7 53. c4 Rd1+ 54. Kc5 Rf1 55. Rh7+ Ke6 56. Kc6 Rf8 57. c5 Rc8+ 58. Kb6 Kd5 59. Rh5+ Ke6 60. Rh6+ Ke7 61. c6 Rb8+ 62. Kc7 Rb3 63. Rh7+ Ke6 64. Kc8 Rc3 65. Rh6+ Ke7 66. Rh7+ Ke8 67. c7 Rc4 68. Rh6 Rb4 69. Re6+ Kf7 70. Kd7 Rb7 71. Re3 1-0

[Event "Prague op-B 18th"]
[Site "Prague"]
[Date "2019.01.13"]
[Round "4"]
[White "Watarkar, Yash"]
[Black "Finek, Vaclav"]
[Result "1/2-1/2"]
[WhiteElo "1495"]
[BlackElo "1915"]
[PlyCount "35"]
[EventDate "2019.01.11"]
[EventType "swiss"]
[EventRounds "9"]
[EventCountry "CZE"]
[SourceTitle "CBM 188 Extra"]
[Source "ChessBase"]
[SourceDate "2019.02.26"]
[SourceVersion "1"]
[SourceVersionDate "2019.02.26"]
[SourceQuality "1"]

1. Nf3 Nf6 2. c4 c5 3. Nc3 Nc6 4. d4 cxd4 5. Nxd4 g6 6. e4 d6 7. Be2 Bg7 8. Be3 0-0 9. 0-0 Bd7 10. f3 Rc8 11. Qd2 a6 12. Nxc6 Bxc6 13. Rac1 Qc7 14. b4 Bd7 15. c5 dxc5 16. bxc5 Bc6 17. Qd3 b5 18. Rfd1 1/2-1/2